Responses for Show #4629 - Thursday, October 21, 2004

2004-B Kids Week game 4.

Contestants

[<< previous game]

Alex Nutman, a 12-year-old seventh grader from Chevy Chase, Maryland

Edward Lee, a 12-year-old seventh grader from Sacramento, California

Lorna Johnson, a 12-year-old seventh grader from Willowbrook, Illinois

[next game >>]

Jeopardy! Round responses

GOING TO THE DOCTOR
CHORES
BRUSSELS SPROUTS
HOMEWORK
BEDTIME
"NO" FUN
(Alex Trebek: Each correct response will start with those two letters.)
    $200 4
an allergy

Edward
    $200 10
Hercules

Lorna
    $200 6
Belgium

Alex
    $200 11
Anne Frank

Alex
    $200 1
king and queen

Edward
    $200 24
Norway

Triple Stumper
    $400 5
an X-ray

Lorna
    $400 16
a wife

Lorna
    $400 17
a dog

Lorna
    $400 12
11

Edward
    $400 2
(Alex Nutman: What is a comforter?)

a quilt

Alex
Triple Stumper
    $400 27
Nobel Prize

Alex
    $600 7
the pupil

Edward
    $600 19
Mount Doom

Edward
    $600 18
fountains

Triple Stumper
    $600 13
igneous

Edward
    $600 3
a crib

Alex
    $800 8
blood pressure

Edward
    $800 20
gillyweed

Edward
    $800 22
mussels

Lorna
    $800 14
a haiku

Edward
    $800 25
breakfast

Edward
    $500 28
[The end-of-round signal sounds.]

Nova Scotia

Alex
    $1000 9
your ears

Edward
    $1000 21
Moses

Triple Stumper
    $1000 23
Waterloo

Alex
    $1000 15
Thank God it's Friday

Triple Stumper
    $1000 26
the White House

Triple Stumper

Scores at the first commercial break (after clue 15):

Lorna Edward Alex
$600 $4,600 $600

Scores at the end of the Jeopardy! Round:

Lorna Edward Alex
$2,200 $6,800 $2,500

Double Jeopardy! Round responses

HISTORY
CELEBRITIES
U.S. STAMPS
ELECTION TIME
KIDS IN THE 1960s
ANATOMICAL HOMONYMS
    $400 26
Depression

Lorna
    $400 1
Raven

Lorna
    $400 10
Snoopy

Lorna
    $400 5
the Supreme Court

Alex
    $400 20
Martin Luther King, Jr.

Edward
    $400 16
I/eye

Edward
    $800 27
China

Edward
    $800 2
Orlando Bloom

Lorna
    $800 12
Lewis and Clark

Edward
    $800 6
a school

Triple Stumper
    $800 21
The Beatles

Edward
    $800 17
hart/heart

Triple Stumper
    $1200 28
Russia

Edward
    $1200 3
Haley Joel Osment

Triple Stumper
    $1200 13
John Paul Jones

Edward
    $1200 7
a (presidential) debate

Edward
    $1200 22
Mercury

Edward
    $1200 18
hare/hair

Edward
    $3,200 29
(Edward: Who are the Aztecs?)
...
(Alex Trebek: South American.)
[The end-of-round signal sounds.]

the Incas

Edward
    $1600 4
(Lorna: What is Shila?)

Shia (LaBeouf)

LornaAlex
    $1,400 14
(Edward: What is the Great Wall of China?)

Earth Day

Edward
    $1600 8
senators

Edward
    $1600 23
Kwanzaa

Edward
    $1600 19
knows/nose

Alex
    $2000 11
Carly Patterson

Edward
    $2000 15
Juliette Gordon Low

Triple Stumper
    $2000 9
an absentee voter

Alex
    $2000 24
England

Triple Stumper
    $2000 25
feat/feet

Edward

Scores at the end of the Double Jeopardy! Round:

Lorna Edward Alex
$2,600 $18,600 $8,100
(lock game)

[wagering suggestions for these scores]

Final Jeopardy! Round responses

THE EARLY 20th CENTURY
(Alex Trebek: [To Alex Nutman] No, sorry. You're in the wrong country, too.)
LornaWhat is ?
$400
AlexWhat is the Loch Ness Monster?
$2,899
EdwardWhat is the Berlin Wall?
$1,400
the Titanic

Final scores:

Lorna Edward Alex
$2,200 $17,200 $5,201
3rd place: $1,000 + an AOL for Broadband computer package Winner: $17,200 + an AOL for Broadband computer package 2nd place: $2,000 + an AOL for Broadband computer package

Game dynamics:

Coryat scores:

Lorna Edward Alex
$2,600 $23,200 $8,400
9 R,
1 W
25 R,
2 W
(including 2 DDs)
10 R
(including 1 DD),
1 W

Combined Coryat: $34,200

[game clues] [game scores] [suggest correction]

Game tape date: 2004-08-24
The J! Archive is created by fans, for fans. Scraping, republication, monetization, and malicious use prohibited; this site may use cookies and collect identifying information. See terms. The Jeopardy! game show and all elements thereof, including but not limited to copyright and trademark thereto, are the property of Jeopardy Productions, Inc. and are protected under law. This website is not affiliated with, sponsored by, or operated by Jeopardy Productions, Inc. Join the discussion at JBoard.tv.